[Event "Vojvodina-ch 6th"]
[Site "Novi Sad"]
[Date "2015.07.25"]
[Round "1"]
[White "Vranes, Davorin"]
[Black "Nadj Hedjesi, Balind"]
[Result "0-1"]
[WhiteElo "2027"]
[BlackElo "2410"]
[PlyCount "61"]
[EventDate "2015.07.25"]
[EventType "swiss"]
[EventRounds "9"]
[EventCountry "YUG"]
[SourceTitle "CBM 167 Extra"]
[Source "ChessBase"]
[SourceDate "2015.09.14"]
[SourceVersion "1"]
[SourceVersionDate "2015.09.14"]
[SourceQuality "1"]

1. e4 c5 2. Nf3 d6 3. d4 cxd4 4. Nxd4 Nf6 5. Nc3 Bd7 6. Be2 Bc6 7. Nxc6 Nxc6 8. 0-0 e6 9. Bg5 a6 10. Qd2 h6 11. Bh4 Rc8 12. f4 Be7 13. Kh1 0-0 14. Rfd1 Nxe4 15. Nxe4 Bxh4 16. Qxd6 Qb6 17. Qa3 Nd4 18. Qe3 Rxc2 19. Qxd4 Qxd4 20. Rxd4 Rxe2 21. g3 Rd8 22. Rad1 Rxd4 23. Rxd4 Be7 24. Nd2 Bf6 25. Rd7 Bxb2 26. Nc4 b5 27. Nd6 Bf6 28. Ra7 Rxa2 29. Ra8+ Kh7 30. Nxf7 b4 31. Nd6 0-1

[Event "Vojvodina-ch 3rd"]
[Site "Novi Sad"]
[Date "2012.06.29"]
[Round "1"]
[White "Vranes, Davorin"]
[Black "Drazic, Sinisa"]
[Result "0-1"]
[WhiteElo "2001"]
[BlackElo "2528"]
[PlyCount "76"]
[EventDate "2012.06.29"]
[EventType "swiss"]
[EventRounds "9"]
[EventCountry "SRB"]
[SourceTitle "CBM 149 Extra"]
[Source "ChessBase"]
[SourceDate "2012.08.24"]
[SourceVersion "1"]
[SourceVersionDate "2012.08.24"]
[SourceQuality "1"]

1. e4 c5 2. Nf3 e6 3. d4 a6 4. dxc5 Bxc5 5. Bd3 Nc6 6. 0-0 d6 7. Nc3 Nge7 8. Qe2 b5 9. a3 Bb7 10. b4 Nd4 11. Nxd4 Bxd4 12. Bb2 Ng6 13. Nd1 Bxb2 14. Nxb2 Qf6 15. Ra2 0-0 16. Qe3 Rfc8 17. c4 Qc3 18. Nd1 Qb3 19. Rb2 Qxa3 20. cxb5 axb5 21. Qd2 Bc6 22. f4 Be8 23. Kh1 Qa7 24. Nc3 Rab8 25. Ne2 Ra8 26. Nc3 Qb6 27. Ne2 Ra3 28. e5 dxe5 29. f5 exf5 30. Bxf5 Rd8 31. Qg5 Qd6 32. Bxg6 hxg6 33. Ng3 f6 34. Qc1 Qd4 35. Re2 Rc3 36. Qb1 Qd3 37. Qe1 Bc6 38. Qf2 Qd4 0-1

[Event "Vojvodina Cup"]
[Site "Banja Junakovic"]
[Date "2007.04.28"]
[Round "1.4"]
[White "Vranes, Davorin"]
[Black "Kolognat, Petar"]
[Result "1/2-1/2"]
[WhiteElo "2048"]
[BlackElo "2255"]
[PlyCount "43"]
[EventDate "2007.04.28"]
[EventType "team"]
[EventRounds "5"]
[EventCountry "YUG"]
[SourceTitle "EXT 2008"]
[Source "ChessBase"]
[SourceDate "2007.11.25"]
[SourceVersion "1"]
[SourceVersionDate "2007.11.25"]
[SourceQuality "1"]

1. e4 e5 2. Nf3 Nf6 3. Nc3 Nc6 4. Bb5 Nd4 5. Ba4 Nxf3+ 6. Qxf3 Bc5 7. d3 c6 8. Bg5 h6 9. Bxf6 gxf6 10. Bb3 d6 11. Nd1 a5 12. a4 Rg8 13. h3 f5 14. exf5 Qg5 15. g4 h5 16. Ne3 d5 17. Ke2 hxg4 18. hxg4 Bxe3 19. fxe3 Qxg4 20. Rag1 Qxf3+ 21. Kxf3 Rxg1 22. Rxg1 1/2-1/2

[Event "EU-ch U16"]
[Site "Budva"]
[Date "2003.09.21"]
[Round "8"]
[White "Vranes, Davorin"]
[Black "Rodic, Donjan"]
[Result "0-1"]
[WhiteElo "2042"]
[BlackElo "2102"]
[PlyCount "102"]
[EventDate "2003.09.13"]
[EventType "swiss"]
[EventRounds "9"]
[EventCountry "YUG"]
[SourceTitle "CBM 096 Extra"]
[Source "ChessBase"]
[SourceDate "2003.10.22"]
[SourceVersion "2"]
[SourceVersionDate "2003.10.20"]
[SourceQuality "1"]

1. e4 c6 2. d3 d5 3. Nd2 e5 4. g3 Nf6 5. Ngf3 Qc7 6. Bg2 Bc5 7. 0-0 0-0 8. Nb3 Bb6 9. Qe2 Nbd7 10. c3 h6 11. h3 c5 12. c4 dxc4 13. dxc4 Nb8 14. Ne1 Nc6 15. Nc2 Nd4 16. Nbxd4 cxd4 17. b4 a5 18. a3 Ba7 19. bxa5 Be6 20. Re1 Bxc4 21. Qf3 d3 22. Ne3 Bd4 23. Rb1 Qxa5 24. Bd2 Qxd2 25. Nxc4 Qa2 26. Nd6 d2 27. Red1 Rxa3 28. Qe2 Rc3 29. Ra1 Qb2 30. Rab1 Qa2 31. Ra1 Qxa1 32. Rxa1 Rc1+ 33. Bf1 Rxa1 34. Qxd2 Rd8 35. Nf5 Nxe4 36. Qe2 Nf6 37. Nxd4 Rxd4 38. Kh2 Ra5 39. Bg2 b6 40. Qb2 b5 41. Qc3 Ra2 42. Qc8+ Kh7 43. Qf5+ Kh8 44. Qxe5 Rdd2 45. Qb8+ Kh7 46. Kg1 Rxf2 47. Bc6 Rfc2 48. Bxb5 Ra1+ 49. Bf1 Rcc1 50. Qb2 Rxf1+ 51. Kg2 Ne4 0-1

[Event "EU-ch U16"]
[Site "Budva"]
[Date "2003.09.20"]
[Round "7"]
[White "Vranes, Davorin"]
[Black "Gigov, Mihail"]
[Result "0-1"]
[WhiteElo "2042"]
[BlackElo "2079"]
[PlyCount "78"]
[EventDate "2003.09.13"]
[EventType "swiss"]
[EventRounds "9"]
[EventCountry "YUG"]
[SourceTitle "CBM 096 Extra"]
[Source "ChessBase"]
[SourceDate "2003.10.22"]
[SourceVersion "2"]
[SourceVersionDate "2003.10.20"]
[SourceQuality "1"]

1. e4 c5 2. c3 Nf6 3. e5 Nd5 4. d4 cxd4 5. Qxd4 e6 6. Nf3 Nc6 7. Qe4 d6 8. exd6 Bxd6 9. g3 Bd7 10. Bg2 Qc7 11. Nbd2 Nf6 12. Qe2 b5 13. 0-0 Rb8 14. Ne4 Nxe4 15. Qxe4 0-0 16. Bd2 f5 17. Qe2 e5 18. Rac1 e4 19. Ne1 Qa5 20. a3 Qd8 21. Bf4 Bxf4 22. gxf4 Be6 23. Rd1 Qc7 24. Qe3 Bc4 25. Nc2 Bxf1 26. Bxf1 Qb6 27. Nd4 Nxd4 28. Qxd4 Qg6+ 29. Kh1 Rbd8 30. Qxd8 Rxd8 31. Rxd8+ Kf7 32. Rd7+ Kf8 33. Rb7 a6 34. Rb8+ Ke7 35. c4 bxc4 36. Bxc4 Qc6 37. b3 e3+ 38. Kg1 Qc7 39. Rg8 Qxc4 0-1

[Event "EU-ch U16"]
[Site "Budva"]
[Date "2003.09.17"]
[Round "5"]
[White "Vranes, Davorin"]
[Black "Huang, Hao"]
[Result "0-1"]
[WhiteElo "2042"]
[BlackElo "2082"]
[PlyCount "84"]
[EventDate "2003.09.13"]
[EventType "swiss"]
[EventRounds "9"]
[EventCountry "YUG"]
[SourceTitle "CBM 096 Extra"]
[Source "ChessBase"]
[SourceDate "2003.10.22"]
[SourceVersion "2"]
[SourceVersionDate "2003.10.20"]
[SourceQuality "1"]

1. e4 e6 2. d3 d5 3. Nd2 c5 4. Ngf3 Nc6 5. g3 g6 6. Bg2 Bg7 7. 0-0 Nge7 8. Re1 0-0 9. Qe2 a5 10. e5 f5 11. Nf1 b5 12. c3 Qb6 13. Bf4 h6 14. h4 a4 15. Qd2 Kh7 16. N1h2 Bd7 17. g4 a3 18. gxf5 gxf5 19. b4 cxb4 20. cxb4 Ra4 21. Rab1 d4 22. Rb3 Nd5 23. Reb1 Nce7 24. h5 Be8 25. Nf1 Bxh5 26. Ng3 Bxf3 27. Bxf3 Nxf4 28. Qxf4 Ng6 29. Qc1 Nxe5 30. Bg2 Qa7 31. Nh5 Qf7 32. Nf4 Ng4 33. Rxa3 Rxa3 34. Qxa3 e5 35. Nh3 f4 36. Be4+ Kh8 37. Qa6 Nf6 38. Qc6 Qxa2 39. Rc1 Qe2 40. Rc2 Qd1+ 41. Kg2 Nxe4 42. dxe4 Qg4+ 0-1

[Event "EU-ch U16"]
[Site "Budva"]
[Date "2003.09.14"]
[Round "2"]
[White "Mikkelsen, Nikolaj"]
[Black "Vranes, Davorin"]
[Result "1-0"]
[WhiteElo "2104"]
[BlackElo "2042"]
[PlyCount "61"]
[EventDate "2003.09.13"]
[EventType "swiss"]
[EventRounds "9"]
[EventCountry "YUG"]
[SourceTitle "CBM 096 Extra"]
[Source "ChessBase"]
[SourceDate "2003.10.22"]
[SourceVersion "2"]
[SourceVersionDate "2003.10.20"]
[SourceQuality "1"]

1. e4 e5 2. Nf3 Nc6 3. Bb5 f5 4. Nc3 fxe4 5. Nxe4 d5 6. Nxe5 dxe4 7. Nxc6 Qd5 8. c4 Qd6 9. Nxa7+ c6 10. Nxc8 Rxc8 11. Ba4 Nf6 12. Bc2 Qe5 13. 0-0 Bd6 14. g3 0-0 15. d3 Bc5 16. Bf4 Qe6 17. Kg2 Rcd8 18. Qe2 Rfe8 19. dxe4 Nxe4 20. Rae1 Rd4 21. f3 Ng5 22. Qxe6+ Nxe6 23. Be3 Rdd8 24. Bxc5 Nxc5 25. Rxe8+ Rxe8 26. Kf2 g6 27. Rd1 Re7 28. b4 Ne6 29. c5 Kf7 30. Bb3 Kf6 31. Rd6 1-0